| 000 | 00931nac a22003370a 4500 | ||
|---|---|---|---|
| 001 | PT32835 | ||
| 003 | AR-LpoUNG | ||
| 005 | 20210201005308.0 | ||
| 008 | 201001ss.f.||||pe |||||||||||||||||spa d | ||
| 020 |
_a997294851X _c$91 |
||
| 040 |
_aAR-LpoUNG _bspa _eaacr |
||
| 041 | _aspa | ||
| 044 | _ape | ||
| 082 | 0 | _a334.01 843v3 | |
| 100 | 1 | _aCotera Fretel, Alfonso | |
| 245 | 1 | 0 | _aMecanismos y normas legales para la exportación |
| 250 | _a1§ edición | ||
| 260 |
_aLima : _bGRESP, _cs.f.. |
||
| 300 |
_a32 p. : _bil. _a(4 _fVolúmenes) _3Impreso |
||
| 490 | 0 | _aManual sobre comercio justo | |
| 650 | 4 | _aASPECTOS JURIDICOS | |
| 650 | 4 | _aCOMERCIALIZACION | |
| 650 | 4 | _aCOMERCIO | |
| 650 | 4 | _aCOMERCIO EXTERIOR | |
| 650 | 4 | _aEXPORTACIONES | |
| 650 | 4 | _aPROMOCION DE LAS EXPORTACIONES | |
| 651 | 4 | _aDOCUMENTOS TEORICOS O METODOLOGICOS | |
| 700 | 1 | _aSimoncelli-Bourque, Eloïse | |
| 905 | _a32835 | ||
| 942 | _cLIB | ||
| 999 |
_c49035 _d49035 |
||